BEE-KEEPING PRACTICES (Record no. 211500)

MARC details
000 -LEADER
fixed length control field 00354nam a22001457a 4500
008 - FIXED-LENGTH DATA ELEMENTS--GENERAL INFORMATION
fixed length control field 240815b |||||||| |||| 00| 0 eng d
020 ## - INTERNATIONAL STANDARD BOOK NUMBER
International Standard Book Number 13:978-81-909065-6-2
050 ## - LIBRARY OF CONGRESS CALL NUMBER
Classification number SF 525.S78 2010
100 ## - MAIN ENTRY--PERSONAL NAME
Personal name STUART F. S
245 ## - TITLE STATEMENT
Title BEE-KEEPING PRACTICES
260 ## - PUBLICATION, DISTRIBUTION, ETC.
Place of publication, distribution, etc. INDIA
Name of publisher, distributor, etc. AXIS BOOKS
300 ## - PHYSICAL DESCRIPTION
Extent X,109
942 ## - ADDED ENTRY ELEMENTS (KOHA)
Source of classification or shelving scheme Library of Congress Classification
Koha item type Long Loan Book
Holdings
Withdrawn status Lost status Source of classification or shelving scheme Damaged status Not for loan Collection Home library Current library Shelving location Date acquired Inventory number Total checkouts Total renewals Full call number Barcode Date last seen Date last checked out Copy number Price effective from Koha item type
    Library of Congress Classification     Science & Technology Kisii University Library Kisii University Library On Display 08/15/2024 28558 1 1 SF 525.S78 2010 036351 01/21/2025 10/09/2024 C.2 08/15/2024 Long Loan Book